000 00224nam a22000857a 4500
008 170614b xxu||||| |||| 00| 0 eng d
100 _93405
_aJaini. C
245 _aABC Information technology- X
260 _aNew Delhi
_bH. F. I
_c2009
999 _c6767
_d6767